Roadwork / (Record no. 8414)

MARC details
000 -LEADER
fixed length control field 01439cam a22003737a 4500
001 - CONTROL NUMBER
control field 8414
003 - CONTROL NUMBER IDENTIFIER
control field FISKH
005 - DATE AND TIME OF LATEST TRANSACTION
control field 20250910160229.0
008 - FIXED-LENGTH DATA ELEMENTS--GENERAL INFORMATION
fixed length control field 080828s2008 maua j 000 0 eng d
010 ## - LIBRARY OF CONGRESS CONTROL NUMBER
LC control number 2008298873
Canceled/invalid LC control number 2008933880
020 ## - INTERNATIONAL STANDARD BOOK NUMBER
International Standard Book Number 9780763639129
020 ## - INTERNATIONAL STANDARD BOOK NUMBER
International Standard Book Number 0763639125
020 ## - INTERNATIONAL STANDARD BOOK NUMBER
International Standard Book Number 9780545389747
040 ## - CATALOGING SOURCE
Original cataloging agency BTCTA
Transcribing agency BTCTA
Modifying agency DLC
Language of cataloging eng
050 00 - LIBRARY OF CONGRESS CALL NUMBER
Classification number TE149
Item number .S87 2008
082 00 - DEWEY DECIMAL CLASSIFICATION NUMBER
Classification number 625.7
Edition number 22
100 1# - MAIN ENTRY--PERSONAL NAME
Personal name Sutton, Sally.
245 10 - TITLE STATEMENT
Title Roadwork /
Statement of responsibility, etc. Sally Sutton ; illustrated by Brian Lovelock.
250 ## - EDITION STATEMENT
Edition statement First Scholastic printing, September 2011
260 ## - PUBLICATION, DISTRIBUTION, ETC.
Place of publication, distribution, etc. New York :
Name of publisher, distributor, etc. Scholastic,
Date of publication, distribution, etc. 2008
300 ## - PHYSICAL DESCRIPTION
Extent 30 unnumbered pages :
Other physical details color illustrations ;
Dimensions 24 cm
505 ## - FORMATTED CONTENTS NOTE
Formatted contents note E<br/>
520 ## - SUMMARY, ETC.
Summary, etc. There are many big machines and busy people involved in building a road, and this picture book, with its rambunctious rhymes and noisy fun, follows them every step of the way, from clearing a pathway to rolling the tar to sweeping up at the end.
521 8# - TARGET AUDIENCE NOTE
Target audience note 280<br/>
Source Lexile AD<br/>
521 8# - TARGET AUDIENCE NOTE
Target audience note E<br/>
Source Raz-Plus<br/>
650 #0 - SUBJECT ADDED ENTRY--TOPICAL TERM
Topical term or geographic name entry element Roads
General subdivision Design and construction
Form subdivision Juvenile literature.
650 #0 - SUBJECT ADDED ENTRY--TOPICAL TERM
Topical term or geographic name entry element Road machinery
Form subdivision Juvenile literature.
650 #0 - SUBJECT ADDED ENTRY--TOPICAL TERM
Topical term or geographic name entry element Trucks
Form subdivision Juvenile literature.
655 #7 - INDEX TERM--GENRE/FORM
Genre/form data or focus term Literature.
Source of term lcgft
Authority record control number or standard number https://id.loc.gov/authorities/genreForms/gf2014026415
700 1# - ADDED ENTRY--PERSONAL NAME
Personal name Lovelock, Brian.
Relator term illustrator
906 ## - LOCAL DATA ELEMENT F, LDF (RLIN)
a 7
b cbc
c copycat
d 2
e ncip
f 20
g y-gencatlg
942 ## - ADDED ENTRY ELEMENTS (KOHA)
Source of classification or shelving scheme Dewey Decimal Classification
Koha item type Books
Suppress in OPAC No
Holdings
Withdrawn status Lost status Source of classification or shelving scheme Damaged status Not for loan Collection Home library Current library Shelving location Date acquired Total Checkouts Full call number Barcode Date last seen Copy number Price effective from Koha item type
    Dewey Decimal Classification     Juvenile Fiction Footprints International School Library Network Toul Tom Poung Campus Footprints International School Library Network Toul Tom Poung Campus TTP Primary Green Bookshelves 09/10/2025   SUT 625.7 TE149 .S87 FISTK02590 09/10/2025 1 09/10/2025 Books